000 00238nam a2200097Ia 4500
001 647546
005 20250826153704.0
008 250824s9999 xx 000 0 und d
245 0 _aGelincik Diz/Deli Bey
_cGülten Dayıoğlu
260 _bALTIN
999 _c647546
_d647546